Libros de amor del Oriente / (Registro nro. 183147)

Detalles MARC
000 -LEADER
campo de control de longitud fija 01176nam a2200301 i 4500
001 - NÚMERO DE CONTROL
campo de control 183147
003 - IDENTIFICADOR DE NÚMERO DE CONTROL
campo de control ES-MaACL
005 - FECHA Y HORA DE LA ÚLTIMA TRANSACCIÓN
campo de control 20251201193358.0
008 - DATOS DE LONGITUD FIJA--INFORMACIÓN GENERAL
campo de control de longitud fija 140127s1974 sp |||| | spa d
020 ## - NÚMERO INTERNACIONAL ESTÁNDAR DEL LIBRO
Número Internacional Estándar del Libro 84-7083-084-8
080 ## - NÚMERO DE LA CLASIFICACIÓN DECIMAL UNIVERSAL
Número de la Clasificación Decimal Universal 82-993(082.2)
245 00 - MENCIÓN DEL TÍTULO
Título Libros de amor del Oriente /
Mención de responsabilidad, etc. traducción, noticias preliminares, notas y apéndices de Juan B. Bergua.
260 ## - PUBLICACIÓN, DISTRIBUCIÓN, ETC.
Lugar de publicación, distribución, etc. Madrid :
Nombre del editor, distribuidor, etc. Clásicos Bergua,
Fecha de publicación, distribución, etc. [1974]
300 ## - DESCRIPCIÓN FÍSICA
Extensión 536 p. ;
Dimensiones 17 cm.
490 1# - MENCIÓN DE SERIE
Mención de serie Tesoro literario ;
Designación de volumen o secuencia 25
505 8# - NOTA DE CONTENIDO CON FORMATO
Nota de contenido con formato Contiene: Los Kama-Sutra / Vatsyayana. Al Ananga-Ranga / Kalyana Malla. La flor lasciva oriental. El libro de la voluptuosidad. El Ktab o Libro musulmán de las leyes secretas del amor
650 07 - PUNTO DE ACCESO ADICIONAL DE MATERIA--TÉRMINO DE MATERIA
Término de materia o nombre geográfico como elemento de entrada Sexualidad-
Subdivisión general Aspectos religiosos.
9 (RLIN) 17079
650 #4 - PUNTO DE ACCESO ADICIONAL DE MATERIA--TÉRMINO DE MATERIA
Término de materia o nombre geográfico como elemento de entrada Relaciones sexuales.
9 (RLIN) 147326
650 07 - PUNTO DE ACCESO ADICIONAL DE MATERIA--TÉRMINO DE MATERIA
Término de materia o nombre geográfico como elemento de entrada Literatura erótica
Fuente del encabezamiento o término embne
9 (RLIN) 136422
700 1# - ENTRADA AGREGADA--NOMBRE PERSONAL
Nombre de persona Bergua, Juan B.,
Fechas asociadas al nombre 1892-1991
9 (RLIN) 28018
700 0# - ENTRADA AGREGADA--NOMBRE PERSONAL
Nombre de persona Vatsyayana.
9 (RLIN) 149586
700 0# - ENTRADA AGREGADA--NOMBRE PERSONAL
Nombre de persona Kalyanamalla.
9 (RLIN) 67467
740 02 - ENTRADA AGREGADA--TÍTULO RELACIONADO/ANALÍTICO NO CONTROLADO
Título relacionado o analítico no controlado Kamasutra.
740 02 - ENTRADA AGREGADA--TÍTULO RELACIONADO/ANALÍTICO NO CONTROLADO
Título relacionado o analítico no controlado Anangaranga.
830 0# - PUNTO DE ACCESO ADICIONAL DE SERIE-TÍTULO UNIFORME
Título uniforme Tesoro literario ;
Designación de volumen o secuencia 25
9 (RLIN) 184264
852 ## - LOCALIZACIÓN
Ubicación ES-MaACL
Número de control de estantería L-29960
Nota libre .- Donat. Miguel A. Velasco
Existencias
Estatus retirado Estado de pérdida Estado de daño No para préstamo Biblioteca de origen Biblioteca actual Ubicación en estantería Fecha de adquisición Fuente de adquisición Total de préstamos Signatura topográfica completa Código de barras Visto por última vez Precio de reemplazo Tipo de ítem Koha
        Biblioteca del Ateneo de Madrid Biblioteca del Ateneo de Madrid Depósito 2 27/01/2014     L-29960 1192492 23/02/2023 23/02/2023 Libro impreso